00000000nam##2200000za#4500
0019.691717
003CaOODSP
00520210624232906
007cr |||||||||||
008150407|2006||||xxc|||||o    f|0| 0 eng|d
040 |aCaOODSP|beng
043 |an-cn---
0861 |aBT22-108/2006E-PDF
1101 |aCanada. |bTreasury Board.
24510|aRoles for government in evaluation quality assurance : discussion paper / |h[electronic resource]|cPrepared by : J. Bradley Couins & Tim Aubry
260 |aOttawa - Ontario : |bTreasury Board of Canada Secretariat |cApril 2006.
300 |a69p.|breferences, tables
590 |a09-02|b2009-01-09
69007|aQuality standards|2gcpds
7201 |aCousins, J. Bradley
7201 |aAubry, Tim
77508|tRôle du gouvernement dans l'assurance de la qualité de l'évaluation : document de travail / |w(CaOODSP)9.636029
85640|ahttp://publications.gc.ca|qPDF|s274 KB|uhttps://publications.gc.ca/collections/collection_2009/ct-tb/BT22-108-2006E.pdf